Normal view
MARC view
- Morgan, David L.
Entry Personal Name
001 - CONTROL NUMBER
- control field: 1573
003 - CONTROL NUMBER IDENTIFIER
- control field: NUST
005 - DATE AND TIME OF LATEST TRANSACTION
- control field: 20170530120004.0
008 - FIXED-LENGTH DATA ELEMENTS
- fixed length control field: 170530|| aca||aabn | a|a d
040 ## - CATALOGING SOURCE
- Original cataloging agency: NUST
- Transcribing agency: NUST
100 ## - HEADING--PERSONAL NAME
- Personal name: Morgan, David L.
- Titles and other words associated with a name: (Sociologist)
670 ## - SOURCE DATA FOUND
- Source citation: Work cat.: (NUST)0: Morgan, David L. (Sociologist), Focus groups as qualitative research / David L. Morgan., c1997.
